<?xml version="1.0" encoding="UTF-8"?>
<collection xmlns="http://www.loc.gov/MARC21/slim">
 <record>
  <leader>00441pamaa2200157   4500</leader>
  <controlfield tag="001">0000035648</controlfield>
  <controlfield tag="005">20090609090000.0</controlfield>
  <datafield tag="020" ind1="0" ind2="0">
   <subfield code="a">0321052056 (pbk) </subfield>
  </datafield>
  <datafield tag="090" ind1="0" ind2="0">
   <subfield code="a">QC35 </subfield>
   <subfield code="b">ROB 2002</subfield>
  </datafield>
  <datafield tag="100" ind1="1" ind2="0">
   <subfield code="a">ROBINSON </subfield>
  </datafield>
  <datafield tag="245" ind1="1" ind2="0">
   <subfield code="a">Laboratory manual conceptual physics  </subfield>
   <subfield code="c">Paul Robinson, Paul G. Hewitt.</subfield>
  </datafield>
  <datafield tag="250" ind1="0" ind2="0">
   <subfield code="a">9th ed.</subfield>
  </datafield>
  <datafield tag="260" ind1="0" ind2="0">
   <subfield code="a">San Francisco: </subfield>
   <subfield code="b">Addison Wesley, </subfield>
   <subfield code="c">2002.</subfield>
  </datafield>
  <datafield tag="300" ind1=" " ind2=" ">
   <subfield code="a">245p.: </subfield>
   <subfield code="b">ill.; </subfield>
   <subfield code="c">28cm.</subfield>
  </datafield>
  <datafield tag="650" ind1="0" ind2="0">
   <subfield code="a">Physics -- </subfield>
   <subfield code="x">Laboratory manuals </subfield>
  </datafield>
 </record>
</collection>
